Guess the Harry Potter Movies by Scene #24 - Statistics

General Stats
  • This quiz has been taken 98 times
  • The average score is 18 of 20
Answer Stats
Picture Answer % Correct
Philosopher's Stone
100%
Prisoner of Azkaban
100%
Prisoner of Azkaban
100%
Chamber of Secrets
95%
Chamber of Secrets
95%
Deathly Hallows – Part 1
95%
Deathly Hallows – Part 2
95%
Goblet of Fire
95%
Goblet of Fire
95%
Half-Blood Prince
95%
Prisoner of Azkaban
95%
Deathly Hallows – Part 1
91%
Prisoner of Azkaban
91%
Goblet of Fire
86%
Half-Blood Prince
86%
Order of the Phoenix
86%
Goblet of Fire
82%
Half-Blood Prince
82%
Half-Blood Prince
82%
Order of the Phoenix
77%
No matching quizzes found
Score Distribution
Percent of People with Each Score
Percentile by Number Answered
Your Score History
You have not taken this quiz